000 00711cam a22002411 4500
001 ne 68002388
003 DLC
005 20260227111843.0
008 900622s1967 ua b 000 0 arar
010 _ane 68002388
025 _aPL480:UAR-9549
035 _a(OCoLC)21898478
040 _aDLC
_cWaU
_dDLC
042 _apremarc
050 0 0 _aLAW <Islam 7 Shab 1967-68>
100 1 _aShaʻbān, Zakī al-Dīn.
245 1 0 _aUṣūl al-fiqh al-Islāmī,
_ctaʼlīf Zakī al-Dīn Shaʻbān.
250 _a[al-Ṭabʻah 3]
260 _a[al-Qāhirah]
_bDār al-Nahḍah al-ʻArabīyah
_c1967-1968 [i.e. 1968]
300 _a447 p.
_c24 cm.
504 _aBibliographical footnotes.
650 0 _aIslamic law.
999 _c50515
_d50515